WEB-конструирование. HTML

Bibliographic Details
Main Author: Дуванов А. А. Александр Александрович
Summary:Исключено из фонда НТБ ТПУ
Language:Russian
Published: СПб., БХВ-Петербург, 2003
Series:Основы информатики
Format: Book
KOHA link:https://koha.lib.tpu.ru/cgi-bin/koha/opac-detail.pl?biblionumber=59476

MARC

LEADER 00000nam0a2200000 4500
001 59476
005 20231031060311.0
010 |a 5941573332 
035 |a (RuTPU)RU\TPU\book\62869 
090 |a 59476 
100 |a 20031229d2003 m y0rusy50 ca 
101 0 |a rus 
102 |a RU 
105 |a a j 001zy 
200 1 |a WEB-конструирование. HTML  |f А. А. Дуванов 
210 |a СПб.  |c БХВ-Петербург  |d 2003 
215 |a 325 с.  |c ил. 
225 1 |a Основы информатики 
320 |a Библиогр.: с. 324-325 
333 |a Исключено из фонда НТБ ТПУ 
700 1 |a Дуванов  |b А. А.  |g Александр Александрович 
801 1 |a RU  |b 63413507  |c 20031229  |g PSBO 
801 2 |a RU  |b 63413507  |c 20150203  |g PSBO 
900 |a Телекоммуникации и компьютерные технологии в связях с общественностью 
942 |c BK